Ochrana autorského práva Porušovateľom hrozí odňatie slobody a ďalšie tresty

Občiansko-právne prostriedky ochrany autorského práva. Trvanie autorských práv. Prechod autorských práv na dedičov.

Na minha lista:
Detalhes bibliográficos
Autor principal: Vyparina, S.
Formato: Capítulo de Livro
Idioma:eslovaco
Assuntos:
Tags: Adicionar Tag
Sem tags, seja o primeiro a adicionar uma tag!

MARC

LEADER 00000naa a2200000 4500
001 r018726
005 20221213100522.4
041 0 |a slo 
044 |a SK 
245 1 0 |a Ochrana autorského práva  |b Porušovateľom hrozí odňatie slobody a ďalšie tresty  |c S. Vyparina 
520 |a Občiansko-právne prostriedky ochrany autorského práva. Trvanie autorských práv. Prechod autorských práv na dedičov. 
610 2 0 |a právo autorské 
610 2 0 |a právo občianske 
610 2 0 |a ochrana autorstva 
610 2 0 |a ochrana právna 
100 1 |a Vyparina, S.